000 01123nam a22002177a 4500
999 _c57665
_d57665
003 Ge_BSU
005 20200901132600.0
008 200901s2020 ge ||||| |||| 00| 0 geo d
020 _a9789941964817
041 _ageo
080 _a341.231.14 კ-87
100 _aკუბლაშვილი, კონსტანტინე
_9197
245 _aადამიანის ძირითადი უფლებები და თავისუფლებები :
_bიურიდიული სახელმძღვანელო /
_c[ რედ: თამარ ბერიძე; რეცენზ.: თევდორე ნინიძე; კონსტანტინე კორკელია ] .
250 _aმეხუთე გამოცემა
264 _aთბ.:
_bიურისტების სამყარო,
_c2020.
300 _a388 გვ.
_b24 სმ.
504 _aბიბლიოგრ.: გვ 378-384
653 _aსამართალი
700 _aბერიძე, თამარ
_eრედაქტორი
_99312
942 _2udc
_cBK